Gaming Quiz

Random Gaming or Video Games Quiz
Score 0/30 Timer 06:00
7 Plays Today
• Haiku • • Game • % Correct
Eat dots in a maze.
Blinky, Pinky, Inky, Clyde;
Ghosts you must avoid.
Pac-Man
87.9%
Collect lots of rings.
Speedy blue-haired hedgehog runs.
Stop Dr. Eggman!
Sonic the Hedgehog
86.9%
Colored shapes fall down;
Rotate them to complete rows.
Topping out, you lose!
Tetris
82.4%
Make a family;
Control their every movement.
Try not to kill them.
The Sims
82%
Throw spheres at creatures.
Hope they don't escape your grasp.
Gotta catch 'em all!
Pokémon
81.6%
Two rectangles fight.
It's table tennis on screen!
Must hit the white ball.
Pong
81.4%
Princess Peach and pals.
Collect powerups and race!
Nooo, fake item box!
Mario Kart
80%
Link in dapper green;
Little Navi by his side.
Off to save Hyrule!
The Legend of Zelda: Ocarina of Time
78%
Avoid the water.
Hop from leaf, to log, to leaf.
A frog that can't swim.
Frogger
76.8%
Create a new world.
Avoid creepers or ka-boom!
I found a diamond!
Minecraft
74.7%
Aperture Science.
GLaDOS sings 'I'm still alive.'
The cake is a lie.
Portal
70.2%
Leap from roof to roof.
Disguise as priest to get in.
Silence your target.
Assassin's Creed
68.9%
Work out where mines are.
Plant flags to remind yourself.
The sun wears glasses.
Minesweeper
67%
Earth's bitter last stand.
Hostile Covenant approach.
They search for the Ark.
Halo 3
63.2%
Gandhi threatens nukes.
Stonehenge was built in Egypt.
Please, just one more turn.
Civilization
57.7%
• Haiku • • Game • % Correct
Slow-descending ships.
Some fire lasers, others don't.
You must shoot them down!
Space Invaders
56.4%
Black Mesa in flames.
The Freeman has a degree.
Fight with a crowbar.
Half-Life
56.4%
Alliance or Horde.
Fight to death in Battlegrounds.
Who will you side with?
World of Warcraft
55.3%
Near-future space war.
Terran, Zerg and Protoss fight.
Blizzard's RTS.
StarCraft
54.4%
Mum died and dad fled.
Leave One-oh-One to find him.
Wasteland all around.
Fallout 3
49.9%
Hunters leap; tanks loom.
The zombie apocalypse.
Make sure to bring friends.
Left 4 Dead
49%
Gather some Adam,
Then electrocute splicers.
Would you kindly, Jack?
BioShock
47.2%
Faith hops, skips and jumps.
Shiny white colored rooftops.
Red things show her path.
Mirror's Edge
45.7%
Says the Engineer:
'Spy sappin' mah dispenser!'
Then he gets backstabbed.
Team Fortress 2
44.1%
Aid Martin Septim.
Guard shouts 'Stop, criminal scum!'
Glass armour is strong.
The Elder Scrolls IV: Oblivion
38.7%
Aim at orange pegs.
Green equals special power.
'Radical' beaver.
Peggle
18.9%
Wizards in bright robes.
Cannon fodder to your friends.
Vlad's not a vampire!
Magicka
10.7%
Your choice, you decide;
Escape the ark, or save it?
Parkour FPS.
Brink
10%
Collect colored blocks.
Bounce along to your music.
Avoid grey in stealth.
Audiosurf
9.7%
Build an island lair.
Plot global domination.
Stop infiltrators!
Evil Genius
5.4%
Remove Ads.
Support Sporcle.
Get the best of Sporcle when you Go Orange. This ad-free experience offers more features, more stats, and more fun while also helping to support Sporcle. Thank you for becoming a member.

You're not logged in!

Compare scores with friends on all Sporcle quizzes.
OR
Log In

Show Comments

Extras

Top Quizzes Today


Score Distribution

Your Account Isn't Verified!

In order to create a playlist on Sporcle, you need to verify the email address you used during registration. Go to your Sporcle Settings to finish the process.

Report this User

Report this user for behavior that violates our Community Guidelines.

Details: